| 000 | 00631nam a2200229Ia 4500 | ||
|---|---|---|---|
| 003 | OSt | ||
| 005 | 20220926011259.0 | ||
| 006 | a|||||r|||| 00| 0 | ||
| 007 | ta | ||
| 008 | 220923b |||||||| |||| 00| 0 eng d | ||
| 020 | _a0132314649 | ||
| 037 | _cGeneral Book | ||
| 040 |
_aRTL _cRTL _beng |
||
| 041 |
_2eng _aeng |
||
| 082 | _aX9:8, L9/TD3 | ||
| 100 | _aShepherd William G | ||
| 245 | 0 | _aEconomics of industrial organisation | |
| 260 |
_aNew Jersey _bPrentice-Hall _c1979 |
||
| 300 |
_axiv, 463p. _ccm. |
||
| 942 |
_hX9:8, L9/TD3 _cGB _2CC |
||
| 999 |
_c619543 _d619543 |
||